| 000 | 00464nam a2200121Ia 4500 | ||
|---|---|---|---|
| 008 | 180305s9999 xx 000 0 und d | ||
| 020 | _a9712328597 | ||
| 100 | _aCastillon-Boiser, Diosdada | ||
| 245 |
_cMileah Devela, Leonarda G. Jamora, Christina S. Leuterio, Manual N. Maronilla, Ma.Reggie U. Perez, Analyn Saluba _aStrategies for Teaching a Modular Approach/ |
||
| 250 | _a1st ed. | ||
| 260 |
_aQuezon City _bRex Book Store Inc. _c2000 |
||
| 300 | _aiii, 177 Pages | ||
| 999 |
_c356094 _d356094 |
||